000 00292nam a22001211a 4500
082 _aM 398.2
_bCHA/F
245 _aFolklorinte varthamanam/
_cby Chandramohan K (ed.)
260 _bK Chandramohan,
_c2010.
_a
300 _a152p.
650 _aFolklore
650 _aSocial Sciences
942 _cBK
999 _c14872
_d14872